Score 0/20 Timer 10:00
0 Plays Today
Question Answer Wrong Answers
What is Jack Torrance's profession? Writer
91.9%
Electrician
1.6%
Health Inspector
1.1%
Child psychologist
1.5%
Where does Danny escape Jack's pursuit? The hedge maze
88.5%
The hotel kitchen
5.4%
The Gold Room
1%
The game room
1.4%
Which character is in the final shot of the film? Jack
86.8%
Danny
5.2%
Wendy
2.6%
Grady
1.8%
What room does Hallorann warn Danny to stay away from? 237
83.7%
1408
5.2%
666
2.3%
313
5.1%
Danny writes 'REDRUM' on the door with... Lipstick
82.9%
His own blood
7.4%
A marker
4.3%
Chalk
1.6%
Danny's 'imaginary friend' is called... Tony
82%
Jack
3%
Manny
4.5%
Clarence
6.3%
Who or what does Danny envision after Jack phones Wendy about getting the job? Elevators and blood
81%
A hedge maze
6.6%
A corpse
5.4%
His father
3.3%
What's Danny's nickname? Doc
78.9%
Bubba
4%
Tony
3.8%
Lil' Man
9.8%
What does Wendy hit Jack over the head with? Baseball bat
78.4%
Golf club
2.4%
Pottery
1.9%
Frying pan
13.4%
Who does Jack murder? Hallorann
75.7%
Wendy
3.3%
Danny
1.7%
Grady
15.3%
In the bathroom, Wendy defends herself with a(n)... Knife
75.1%
Baseball bat
12.4%
Gun
0.8%
Axe
7.7%
What does Jack order at the Gold Room bar? Bourbon on the rocks
71.6%
Scotch and soda
10.2%
Gin and tonic
8%
Vodka martini
6.4%
Who lets Jack out of the freezer? Grady
70.2%
Hallorann
12.9%
Wendy
7.1%
Danny
5.8%
Where does the Torrance family live prior to staying at the Overlook? Boulder, Colorado
69.5%
Colby, Kansas
7.5%
Cheyenne, Wyoming
10.6%
Vernal, Utah
8.5%
How does Jack like his eggs? Sunny side up
68%
Scrambled
11.2%
Poached
8.2%
Over medium
8.7%
Who initially tells Jack of the Overlook's murder history? Ullman
59.3%
Hallorann
18.1%
Wendy
2.2%
Grady
16.7%
What year was the Overlook built? 1909
56.4%
1923
27.7%
1936
8.2%
1952
3.6%
While trying to find Danny, Wendy sees all of the following, except... A clown
53.4%
Elevators and blood
10%
A man in a dog costume
7.9%
Skeletons
24.9%
What brand of baking powder is noticeably placed within the film? Calumet
42.1%
Clabber Girl
14%
Rumford
18%
Argo
22%
When does Danny first see the twins? In the bathroom at home
17%
In the hotel gaming room
22.4%
In a hotel hallway
54.5%
In the hotel kitchen
2.3%
Remove Ads.
Support Sporcle.
Get the best of Sporcle when you Go Orange. This ad-free experience offers more features, more stats, and more fun while also helping to support Sporcle. Thank you for becoming a member.

You're not logged in!

Compare scores with friends on all Sporcle quizzes.
OR
Log In

Show Comments

Extras

Top Quizzes Today


Score Distribution

Your Account Isn't Verified!

In order to create a playlist on Sporcle, you need to verify the email address you used during registration. Go to your Sporcle Settings to finish the process.

Report this User

Report this user for behavior that violates our Community Guidelines.

Details: